000 00461nam a2200181Ia 4500
005 20250317131147.0
008 008 250317s9999 xx 000 0 eng d
037 _aTextbook
040 _aFMSL
_beng
_cFMSL
041 _aeng
_2eng
084 _qFMSL
100 _aTiwary J K
_9739097
245 0 _aRural develpment administration
260 _aChugh
_bChugh, pub.
_c1984
300 _a259p
942 _cTB
999 _c1266939
_d1266939